Дело о службе статиста цирка Андрея Берман

Доступно только в Электронных читальных залах Найти на картеНа карте
RUSMARC
00004158nmc2a22000003x 450
0013b381a9c-e547-4e94-b52a-c755415f87b7
00520181226140759.0
100##$a20170629l18481851k l0rusy0189 ca
1010#$arus
102##$aRU
2001#$aДело о службе статиста цирка Андрея Берман
$j22 февраля 1848 г. - 12 февраля 1851 г.
251##$cДело
300##$aПо Санкт-Петербургской дирекции за 1848 год
300##$aОриг. заголовок дела: Дело по предписанию господина директора о принятии в ведомство Дирекции по найму статистом, в цирк, почтальона Андрея Бермана. 22 февраля 1848 г. - 12 февраля 1851 г
801#0$aRU
$bРГИА
$c20170629
$gRCR
801#1$aRU
$bГлавНИВЦ
$c20170629
$2rusmarc
801#2$aRU
$bПБ им. Б.Н. Ельцина
$c20181226
$gRCR
$2rusmarc
850##$aРГИА
852##$aРГИА
$eФедеральное казенное учреждение "Российский государственный исторический архив" (РГИА)
$j11538
937##$hРГИА
$d12247657
$aASBIBLIO_SCAN
462#0$1001dd3991dc-24e1-42ec-8838-ca4255420416
$12001
$aДирекция императорских театров (1746-1850 гг.)
$1251
$cОпись
$1852
$j1
461#0$10019264ebf8-de62-4f1a-9eb4-9f22098dbbd5
$12001
$aДирекция императорских театров Министерства императорского двора
$1251
$cФонд
$1852
$j497
215##$a14 л.
$d36,5х26 см
371##$aДокумент не является опубликованным и широко распространяемым
105##$ay###
1222#$ad
5171#$aДело по предписанию господина директора о принятии в ведомство Дирекции по найму статистом, в цирк, почтальона Андрея Бермана. 22 февраля 1848 г. - 12 февраля 1851 г
035##$a3b381a9c-e547-4e94-b52a-c755415f87b7
856##$uhttp://readingroom.main.prlib.ru/item.aspx?id_node=n122439857&mode=full
Формат отображения